Creating workplaces where people can think

Bibliographic Details
Main Authors: Phyl, Smith (Author), Kearny, Phyl (Author)
Format: Book
Language:English
Published: San Francisco : Jossey-Bass Publishers 1994
Subjects:

MARC

LEADER 00000cam a2200000 7i4500
001 0000030990
005 20241204.0
008 240830 caua eng
020 |a 1555426174 
040 |a INS   |b eng   |e rda 
090 0 0 |a RHF5549.5.P37   |b .S65 1994 
100 1 |a Phyl, Smith ,   |e author 
245 1 0 |a Creating workplaces where people can think   |c Phyl Smith, Lynn Kearny 
264 1 |a San Francisco :   |b Jossey-Bass Publishers   |c 1994 
264 4 |c ©1994 
300 |a xxv, 208 pages :   |b illustrations ;   |c 29 cm. 
504 |a Includes bibliographical references and index 
650 0 |a Creative thinking 
650 0 |a Office layout 
650 0 |a Performance technology 
650 0 |a Work environment 
700 1 |a Kearny, Phyl ,   |e author 
999 |a 0000019618   |b BOOK   |c Red Spot   |e Default branch